000 00879nmm a2200253 a 4500
001 ocm000701983
003 TR-IsHL
005 20201028141032.0
008 131219s2010 tu tur
007 cr cn
035 _a701983
_b(N$T)
050 0 4 _aKKX3406
_b.S67 2010
090 0 4 _aKKX3406
_b.S67 2010
245 1 0 _aSorularla ithalat mevzuzatı
_h[electronic resource] /
_chaz. Osman Bozkurt
260 _aİstanbul :
_bİstanbul Ticaret Odası,
_c2010
300 _a26 p.
650 4 _aEkonomi ve Finans
650 4 _aEconomics and Finance
650 0 _aDış ticaret yönetmeliği
_x Türkiye
650 0 _aForeign trade regulation
_x Turkey
650 7 _aPOLITICAL SCIENCE / International Relations / Trade & Tariffs
_2bisacsh
700 1 _aBozkurt, Osman
856 4 0 _uhttp://search.ebscohost.com/login.aspx?direct=true&scope=site&db=e011xww&AN=701983
999 _c7603
_d7603